| 000 | 02866cam a2200385 a 4500 | ||
|---|---|---|---|
| 001 | 14762555 | ||
| 005 | 20170105102913.0 | ||
| 008 | 070308s2007 enk b 001 0 eng | ||
| 010 | _a 2007009688 | ||
| 015 |
_aGBA724405 _2bnb |
||
| 016 | 7 |
_a013704589 _2Uk |
|
| 020 | _a9780754670339 (alk. paper) | ||
| 020 | _a0754670333 (alk. paper) | ||
| 035 | _a(OCoLC)ocm85833382 | ||
| 035 | _a(OCoLC)85833382 | ||
| 040 |
_aDLC _cDLC _dUKM _dBTCTA _dBAKER _dBWKUK _dYDXCP _dBWK _dDLC |
||
| 043 |
_aaw----- _an-us--- |
||
| 050 | 0 | 0 |
_aDS63.2.U5 _bS77 2007 |
| 082 | 0 | 0 |
_a327.1273056 _222 |
| 245 | 0 | 0 |
_aStrategic interests in the Middle East : _bopposition and support for US foreign policy / _cedited by Jack Covarrubias and Tom Lansford. |
| 260 |
_aAldershot, England ; _aBurlington, VT : _bAshgate, _cc2007. |
||
| 300 |
_axix, 248 p. ; _c24 cm. |
||
| 504 | _aIncludes bibliographical references and index. | ||
| 505 | 0 | _aBritain and the Middle East : in pursuit of eternal interests / Mark Sedgwick -- Old interests, new purpose : French foreign policy in the Middle East / Daniel W. Kuthy -- Germany and the Middle East : the construction of moral interests / Jack Covarrubias, Chris White -- US-Russian competition in the Middle East : convergences and divergences in foreign security policy / Mira Duric, Tom Lansford -- China's Middle East policy since the post-Mao reform / Chunlong Lu, Jie Chen -- Japan between the United States and the Middle East / George Ehrhardt -- At the crossroads of foreign policy decisions : India in the Middle East / Anna Rulska, David Jackson -- The United States and Israel : the implications of alignment / Daniel J. Graeber -- Realpolitik and religion : the twin sources of Saudi Arabia's foreign policy / Evan Campbell, Steve A. Yetiv -- The centrality of Egypt to the future of the greater Middle East / B.J. Jordan, Robert J. Pauly, Jr. -- Iran and the Middle East : the pursuit of security and legitimacy in the American age / Vaughn P. Shannon -- NATO and the Middle East : the road to greater engagement / Chris Zambelis, Eva Svobodová -- The United States and the Arab League / Jack Kalpakian -- The United States and the United Nations : partnership for peace? / Tom Lansford. | |
| 650 | 0 |
_aWorld politics _y21st century. |
|
| 651 | 0 |
_aMiddle East _xForeign relations _zUnited States. |
|
| 651 | 0 |
_aUnited States _xForeign relations _zMiddle East. |
|
| 651 | 0 |
_aUnited States _xForeign relations _y2001-2009 _xPublic opinion. |
|
| 700 | 1 | _aCovarrubias, Jack. | |
| 700 | 1 | _aLansford, Tom. | |
| 856 | 4 | 1 |
_3Table of contents only _uhttp://www.loc.gov/catdir/toc/ecip0712/2007009688.html |
| 906 |
_a7 _bcbc _corignew _d1 _eecip _f20 _gy-gencatlg |
||
| 942 |
_2ddc _cBK |
||
| 999 |
_c15213 _d15213 |
||